000
00285cam a2200121ua 4500
082
_a
629.2
_b
NAR/AU
100
_a
Narang, G B S .
_9
314
245
_a
Automobile Engineering /
250
_a
3 / 5
260
_a
Delhi :
_b
Khanna Publishers ,
_c
1982.
300
_a
962 ; 1183
942
_c
BK
999
_c
9748
_d
9748